Angielskie nazwy ptaków - Statystyki

Ogólne statystyki
  • Ten quiz został rozwiązany 57 razy
  • Średni wynik to 13 z 24
Statystyki odpowiedzi
Polski Angielski % Poprawnych
Kurczak Chicken
96%
Orzeł Eagle
94%
Kaczka Duck
90%
Papuga Parrot
90%
Sowa Owl
88%
Gołąb Pigeon / dove
81%
Pingwin Penguin
75%
Gęś Goose
65%
Wrona Crow
58%
Wróbel Sparrow
54%
Łabędź Swan
54%
Mewa Seagull
52%
Kruk Raven
50%
Paw Peacock
48%
Struś Ostrich
44%
Dzięcioł Woodpecker
38%
Sokół Falcon
37%
Bocian Stork
37%
Jastrząb Hawk
35%
Koliber Hummingbird
31%
Sroka Magpie
23%
Jaskółka Swallow / martin
19%
Przepiórka Quail
17%
Szpak Starling
13%
Nie znaleziono quizów pasujących do podanych kryteriów
Rozkład punktacji
Procent ludzi z każdym wynikiem
Percentyl według liczby udzielonych odpowiedzi
Twoja historia wyników
Nie rozwiązałeś tego quizu